000 00625nam a2200205Ia 4500
008 240729s9999 xx 000 0 und d
245 0 _aIssues in Information Systems
260 _aUnited States
260 _bIACIS
650 _a Electronic computers. Computer science
650 _a Industrial engineering. Management engineering
650 _a Information technology | Science
650 _a Instruments and machines
650 _a Mathematics
650 _a Technology (General)
650 _aTechnology
856 _uhttps://doaj.org/toc/417d7921400d4593ac94ff06dfafa0cf
942 _2ddc
942 _cDOAJEJ
999 _c69932
_d69932
945 _a1
_bMadushi Gamage
_c1
_dMadushi Gamage